P. C. Hoofts Neederlandsche histoorien, (Record no. 18606)

MARC details
000 -LEADER
fixed length control field 01088cam a22002651 4500
001 - CONTROL NUMBER
control field d 01000211
003 - CONTROL NUMBER IDENTIFIER
control field DLC
005 - DATE AND TIME OF LATEST TRANSACTION
control field 20260227111148.0
008 - FIXED-LENGTH DATA ELEMENTS--GENERAL INFORMATION
fixed length control field 860129s1642 ne 000 0 dut
010 ## - LIBRARY OF CONGRESS CONTROL NUMBER
LC control number d 01000211
035 ## - SYSTEM CONTROL NUMBER
System control number (OCoLC)23642798
040 ## - CATALOGING SOURCE
Original cataloging agency DLC
Transcribing agency MiU
Modifying agency DLC
042 ## - AUTHENTICATION CODE
Authentication code premarc
050 00 - LIBRARY OF CONGRESS CALL NUMBER
Classification number DH186
Item number .H77
100 1# - MAIN ENTRY--PERSONAL NAME
Personal name Hooft, P. C.
Fuller form of name (Pieter Corneliszoon),
Dates associated with a name 1581-1647.
245 00 - TITLE STATEMENT
Title P. C. Hoofts Neederlandsche histoorien,
Remainder of title sedert de ooverdraght der heerschappye van kaizar Karel den Vyfden,
Statement of responsibility, etc. op kooning Philips zynen zoon.
260 ## - PUBLICATION, DISTRIBUTION, ETC.
Place of publication, distribution, etc. Tot Amsterdam,
Name of publisher, distributor, etc. By Louys Elzevier,
Date of publication, distribution, etc. 1642.
300 ## - PHYSICAL DESCRIPTION
Extent 21 p. l., 899 (i.e. 910) p. ;
Dimensions 33 cm.
500 ## - GENERAL NOTE
General note Engr. t.-p.
500 ## - GENERAL NOTE
General note First edition.
500 ## - GENERAL NOTE
General note Paging irregular.
500 ## - GENERAL NOTE
General note "Facsimile van eenen eigenhandigne brief van den drossaard Pieter Corneliszoon Hooft aan den Amsterdamschen hoogleeraar Caspar van Baerle van den 13 September 1646" mounted on fly-leaf.
651 #0 - SUBJECT ADDED ENTRY--GEOGRAPHIC NAME
Geographic name Netherlands
General subdivision History
Chronological subdivision Eighty Years' War, 1568-1648
710 2# - ADDED ENTRY--CORPORATE NAME
Corporate name or jurisdiction name as entry element Pre-1801 Imprint Collection (Library of Congress)
Institution to which field applies DLC

No items available.

Powered by Koha